<?xml version="1.0" encoding="UTF-8"?><marc:collection xmlns:marc="http://www.loc.gov/MARC21/slim">
  <marc:record>
    <marc:leader>00000nam##2200000za#4500</marc:leader>
    <marc:controlfield tag="001">9.592011</marc:controlfield>
    <marc:controlfield tag="003">CaOODSP</marc:controlfield>
    <marc:controlfield tag="005">20210624201004</marc:controlfield>
    <marc:controlfield tag="007">cr |||||||||||</marc:controlfield>
    <marc:controlfield tag="008">150406|2004||||xxc|||||o    f|0| 0 fre|d</marc:controlfield>
    <marc:datafield tag="040" ind1=" " ind2=" ">
      <marc:subfield code="a">CaOODSP</marc:subfield>
      <marc:subfield code="b">fre</marc:subfield>
    </marc:datafield>
    <marc:datafield tag="043" ind1=" " ind2=" ">
      <marc:subfield code="a">n-cn---</marc:subfield>
    </marc:datafield>
    <marc:datafield tag="086" ind1="1" ind2=" ">
      <marc:subfield code="a">CC173-3/2-129-1F-IN</marc:subfield>
    </marc:datafield>
    <marc:datafield tag="110" ind1="2" ind2=" ">
      <marc:subfield code="a">Commission canadienne de sûreté nucléaire.</marc:subfield>
    </marc:datafield>
    <marc:datafield tag="245" ind1="1" ind2="0">
      <marc:subfield code="a">Maintenir les expositions et les doses au « niveau le plus bas qu'il soit raisonnablement possible d'atteindre (ALARA) » </marc:subfield>
      <marc:subfield code="h">[ressource électronique]</marc:subfield>
    </marc:datafield>
    <marc:datafield tag="260" ind1=" " ind2=" ">
      <marc:subfield code="b">Commission canadienne de sûreté nucléaire </marc:subfield>
      <marc:subfield code="c">2004.</marc:subfield>
    </marc:datafield>
    <marc:datafield tag="300" ind1=" " ind2=" ">
      <marc:subfield code="a">16p.</marc:subfield>
      <marc:subfield code="b">références</marc:subfield>
    </marc:datafield>
    <marc:datafield tag="490" ind1="1" ind2=" ">
      <marc:subfield code="a">Guide d'application de la réglementation </marc:subfield>
      <marc:subfield code="v">G-129, révision 1</marc:subfield>
    </marc:datafield>
    <marc:datafield tag="500" ind1=" " ind2=" ">
      <marc:subfield code="a">Le n° de catalogue (CC173-3/2-129-1F) et l'ISBN (0-662-78102-3) assignés à l'édition imprimée ont été incorrectement copiés dans cette édition en PDF.</marc:subfield>
    </marc:datafield>
    <marc:datafield tag="520" ind1="3" ind2=" ">
      <marc:subfield code="a">Ce guide d’application de la réglementation fait partie d’une série de guides qui fournissent une orientation ou décrivent les caractéristiques ou les méthodes recommandées par la Commission canadienne de sûreté nucléaire (CCSN) afin de respecter les exigences réglementaires ou d’accroître l’efficacité sur le plan administratif. Il constitue le cadre des activités de réglementation de la CCSN, au même titre que les instruments légaux exécutoires tels que les lois, les règlements, les permis et les ordres, ainsi que d’autres documents d’application de la réglementation tels que les politiques, les normes, les avis et les procédures.</marc:subfield>
    </marc:datafield>
    <marc:datafield tag="590" ind1=" " ind2=" ">
      <marc:subfield code="a">04-52</marc:subfield>
      <marc:subfield code="b">2004-12-31</marc:subfield>
    </marc:datafield>
    <marc:datafield tag="775" ind1="0" ind2="8">
      <marc:subfield code="t">Keeping radiation exposures and doses "as low as reasonably achievable (ALARA)" </marc:subfield>
      <marc:subfield code="w">(CaOODSP)9.559221</marc:subfield>
    </marc:datafield>
    <marc:datafield tag="776" ind1="0" ind2="#">
      <marc:subfield code="t">Maintenir les expositions et les doses au «niveau le plus bas qu'il soit raisonnablement possible d'atteindre (ALARA)» </marc:subfield>
      <marc:subfield code="w">(CaOODSP)9.626729</marc:subfield>
    </marc:datafield>
    <marc:datafield tag="830" ind1="#" ind2="0">
      <marc:subfield code="a">Guide d'application de la réglementation ;</marc:subfield>
      <marc:subfield code="v">G-129, révision 1</marc:subfield>
      <marc:subfield code="w">(CaOODSP)9.501114</marc:subfield>
    </marc:datafield>
    <marc:datafield tag="856" ind1="4" ind2="0">
      <marc:subfield code="a">http://publications.gc.ca</marc:subfield>
      <marc:subfield code="q">PDF</marc:subfield>
      <marc:subfield code="s">189 Ko</marc:subfield>
      <marc:subfield code="u">https://publications.gc.ca/collections/Collection/CC173-3-2-129-1F.pdf</marc:subfield>
      <marc:subfield code="y">G-129, révision 1</marc:subfield>
    </marc:datafield>
  </marc:record>
</marc:collection>
